000 01561 a2200229 4500
020 _a0787968226
020 _a9780787968229
082 0 4 _a658
090 _c2420
_d2420
100 1 _aKouzes, James M.
245 1 4 _aThe leadership challenge journal :
_breflections on becoming a better leader /
_cJames M. Kouzes.
260 _a[S.l.] :
_bPfeiffer,
_c2003.
300 _a160 p. ;
_c24 cm.
490 1 _aJ-b leadership challenge: kouzes/posner.
500 _aPaperback.
520 _aTime to reflect. Space to dream. A place to find inspiration. In our hectic lives, these are often skipped, bumped by the next deadline or our out-of-control to-do list. Reminding us of the importance of personal introspection to leadership development, Jim Kouzes and Barry Posner have created a journal for contemplation— a visible reminder of the need for time, space, and place along your leadership adventures. The authors engage you in an internal dialogue guided by their Five Practices of Exemplary Leadershipâ model (Model the Way, Inspire a Shared Vision, Challenge the Process, Enable Others to Act, Encourage the Heart). They urge you to take notes, make comments, draw pictures, ask questions, contemplate answers, or just mediat
700 _aPosner, Barry
830 _aJ-b leadership challenge: kouzes/posne
856 _3Amazon.com
_uhttp://www.amazon.com/exec/obidos/ASIN/0787968226/chopaconline-
856 _3Amazon customer reviews
_uhttp://www.chopac.org/cgi-bin/tools/azrev.pl?q=07879682
942 _aNBS
_cBK
_k658.4092 POS
999 _c344918
_d344918